Final Fantasy XII Party Members Quiz Stats

 Plays Quiz not verified by Sporcle

Support Sporcle.
Go Orange.
Score 0/9 Timer 03:00
0 Plays Today
% Correct
Vaan
97.5%
Balthier
96.8%
Ashe
96.8%
Penelo
95.8%
Fran
95.8%
Basch
95.8%
Larsa
75.4%
Vossler
63.5%
Reddas
56.5%

You're not logged in!

Compare scores with friends on all Sporcle quizzes.
OR
Log In

From the Vault

Profile: Albus Dumbledore

by lucyinthesky9

"Age is foolish and forgetful when it underestimates youth."
Remove Ads.
Support Sporcle.
Get the best of Sporcle when you Go Orange. This ad-free experience offers more features, more stats, and more fun while also helping to support Sporcle. Thank you for becoming a member.

Show Comments

Extras

Top Quizzes Today


Score Distribution

Your Account Isn't Verified!

In order to create a playlist on Sporcle, you need to verify the email address you used during registration. Go to your Sporcle Settings to finish the process.

Report this User

Report this user for behavior that violates our Community Guidelines.

Details: